MARC details
| 000 -CABECERA |
| campo de control de longitud fija |
00856cam a22002537a 4500 |
| 001 - NÚMERO DE CONTROL |
| campo de control |
000001690 |
| 005 - FECHA Y HORA DE LA ÚLTIMA TRANSACCIÓN |
| campo de control |
20200929145650.0 |
| 008 - DATOS DE LONGITUD FIJA--INFORMACIÓN GENERAL |
| campo de control de longitud fija |
980520s2003 ck a 000 0 spa |
| 020 ## - NÚMERO INTERNACIONAL ESTÁNDAR DEL LIBRO |
| Número Internacional Estándar del Libro |
9580477604 |
| 040 ## - FUENTE DE LA CATALOGACIÓN |
| Centro catalogador/agencia de origen |
DO-SdBNP |
| Centro/agencia transcriptor |
DLC |
| Centro/agencia modificador |
DLC |
| 041 17 - CÓDIGO DE LENGUA |
| Código de lengua del texto/banda sonora o título independiente |
eng |
| Código de lengua original |
spa |
| Fuente del código |
Código de diomas MARC |
| 082 ## - NÚMERO DE LA CLASIFICACIÓN DECIMAL DEWEY |
| Número de clasificación |
658.403 |
| Número de documento/Ítem |
H225d |
| 100 1# - ENTRADA PRINCIPAL--NOMBRE DE PERSONA |
| Nombre de persona |
Hammond, John S., |
| Fechas asociadas al nombre |
1937- |
| 9 (RLIN) |
5493 |
| 245 10 - MENCIÓN DE TÍTULO |
| Título |
Decisiones inteligentes : |
| Resto del título |
guía práctica para tomar mejores decisiones / |
| Mención de responsabilidad, etc. |
John S. Hammond, Ralph L. Keeney, Howard Raiffa. |
| 260 ## - PUBLICACIÓN, DISTRIBUCIÓN, ETC. |
| Lugar de publicación, distribución, etc. |
Bogotá : |
| Nombre del editor, distribuidor, etc. |
Norma, |
| Fecha de publicación, distribución, etc. |
2003. |
| 300 ## - DESCRIPCIÓN FÍSICA |
| Extensión |
x, 293 p. ; |
| Dimensiones |
18 cm. |
| 500 ## - NOTA GENERAL |
| Nota general |
Smart choices |
| 650 #4 - PUNTO DE ACCESO ADICIONAL DE MATERIA--TÉRMINO DE MATERIA |
| Término de materia o nombre geográfico como elemento de entrada |
Toma de decisiones |
| 9 (RLIN) |
5494 |
| 650 #4 - PUNTO DE ACCESO ADICIONAL DE MATERIA--TÉRMINO DE MATERIA |
| Término de materia o nombre geográfico como elemento de entrada |
Marketing |
| 9 (RLIN) |
5495 |
| 700 1# - PUNTO DE ACCESO ADICIONAL--NOMBRE DE PERSONA |
| Nombre de persona |
Jorge Cárdenas Nannetti |
| Término indicativo de función/relación |
tr. |
| 9 (RLIN) |
5496 |
| 700 1# - PUNTO DE ACCESO ADICIONAL--NOMBRE DE PERSONA |
| Nombre de persona |
Keeney, Ralph L., |
| Fechas asociadas al nombre |
1944- |
| 9 (RLIN) |
5497 |
| 700 1# - PUNTO DE ACCESO ADICIONAL--NOMBRE DE PERSONA |
| Nombre de persona |
Raiffa, Howard, |
| Fechas asociadas al nombre |
1924- |
| 9 (RLIN) |
5498 |
| 910 ## - DATOS DE OPCIÓN DEL USUARIO (OCLC) |
| Datos de opción del usuario |
Catalogación por copia / LC |